000 00730nam a2200145 a 4500
008 120416s1988 xx |||||||||||||| || u
050 _aTH 438 Dha
100 _aDharwadker, P. P
245 1 0 _aManagement in construction industry
260 _c1988
350 _a0.00
995 _aBINDERY (DAMAGED)
_D0.00
_e724328
_FCBU-MAIN LIBRARY (Kitwe)
_H3
_I85.00
_jTH 438 Dha
_M3
_UDAMAGED
_y016098
_ZMain Library Open Access Collection
995 _aBINDERY (DAMAGED)
_D0.00
_e724329
_FCBU-MAIN LIBRARY (Kitwe)
_H1
_I85.00
_jTH 438 Dha
_M1
_UDAMAGED
_y016097
_ZMain Library Open Access Collection
995 _aMAIN LIBRARY OPEN ACCESS
_D0.00
_e724330
_FCBU-MAIN LIBRARY (Kitwe)
_H2
_I85.00
_jTH 438 Dha
_M2
_UAVAILABLE
_y016382
_ZMain Library Open Access Collection
999 _c82436
_d82436